Tutti gli Stati che hanno controllato Napoli - Statistics

Statistiche generali
  • Questo quiz è stato fatto 44 volte
    14 dall'ultimo reset
  • Il punteggio medio è 13 su 32
Statistiche sulle risposte
con Immagini Hint Risposta % Corretto
27 a.C. - 395 Impero Romano
86%
536 - 543 Impero Bizantino
64%
546 - 554 Impero Bizantino
64%
555 - 840 Impero Bizantino
64%
395 - 476 Impero Romano d'Occidente
64%
327 a.C. - 27 a.C. Repubblica Romana
64%
1816 - 1860 Regno delle Due Sicilie
57%
1648 - 1707 Regno di Spagna
57%
1946 - Oggi Repubblica Italiana
57%
1442 - 1458 Regno di Aragona
50%
1504 - 1647 Regno di Spagna
50%
1861 - 1946 Regno d'Italia
50%
1220 - 1266 Sacro Romano Impero
50%
475 a.C. - 327 a.C. Polis di Neapolis
43%
1501 - 1504 Regno di Francia e di Navarra
43%
1860 - 1861 Regno di Sardegna
43%
840 - 1137 Ducato di Napoli
36%
1282 - 1442 Regno di Napoli
36%
1458 - 1501 Regno di Napoli
36%
1266 - 1282 Regno di Sicilia
36%
1799 - 1815 Regno Napoleonico di Napoli
36%
554 - 555 Regno dei Franchi
29%
1734 - 1738 Regno di Francia/Regno di Spagna
29%
476 - 493 Regno di Odoacre
29%
1137 - 1220 Regno di Sicilia
29%
493 - 536 Regno Ostrogoto
29%
543 - 546 Regno Ostrogoto
29%
1707 - 1734 Arciducato d'Austria
21%
1815 - 1816 Regno di Sicilia e Napoli
21%
1799 Repubblica Partenopea
21%
1738 - 1799 Regno di Sicilia e Napoli
7%
1647 - 1648 Serenissima Repubblica di Napoli
7%
Nessun quiz corrispondente trovato
Distribuzione punteggi
Percentuale di utenti per punteggio
Percentile per numero di risposta
I tuoi punteggi nel tempo
Non hai fatto questo quiz dall'ultimo reset